|
|
|
|
| LEADER |
00000cas a2200000 a 4500 |
| 001 |
vtls001059476 |
| 003 |
SK-MaSNL |
| 005 |
20260228160053.0 |
| 008 |
951009d19831992at zu|p r 0 0b0slo |
| 035 |
|
|
|a SNK000002295
|
| 040 |
|
|
|a SNK
|b slo
|c SNK
|e AACR2
|
| 041 |
0 |
|
|a slo
|
| 044 |
|
|
|a at
|c AU
|
| 080 |
|
|
|a 272
|2 2011
|
| 080 |
|
|
|a 050
|2 2001
|
| 245 |
0 |
0 |
|a Cyrilometodský hlas
|
| 260 |
|
|
|a Sydney
|b Slovenská katolícka komunita sv. Cyrila a Metoda
|c ?1983-?1992
|
| 300 |
|
|
|a zv.
|
| 310 |
|
|
|a Periodicita neznáma
|
| 650 |
0 |
7 |
|a Slováci v zahraničí
|2 SNKPH
|9 14695
|
| 651 |
|
7 |
|a Austrália
|2 SNKPHgeo
|9 16347
|
| 655 |
|
7 |
|a krajanské periodiká
|2 SNKPH
|9 110004
|
| 850 |
|
|
|a Slovenská národná knižnica v Martine
|
| 910 |
|
|
|a snk
|
| 999 |
|
|
|c 1291
|d 3221
|
| 952 |
|
|
|0 0
|1 0
|4 0
|7 0
|a SNK
|b SNK
|d 1996-11-25
|l 0
|o snkČSB 4206/1983
|r 2004-12-31 00:00:00
|w 2026-02-21
|y PREZ
|
| 952 |
|
|
|0 0
|1 0
|4 0
|7 0
|8 2
|a SNK
|b SNK
|d 1996-11-25
|i snkV 2111/96
|l 0
|o snkČSB 4206/1984 D1
|p 17A0021994
|r 2005-01-01 00:00:00
|w 2026-02-21
|y PREZ
|
| 952 |
|
|
|0 0
|1 0
|4 0
|7 0
|8 2
|a SNK
|b SNK
|d 1996-11-25
|i snkV 2112/96
|l 0
|o snkČSB 4206/1985
|p 17A0021995
|r 2005-01-01 00:00:00
|w 2026-02-21
|y PREZ
|
| 952 |
|
|
|0 0
|1 0
|4 0
|7 0
|8 2
|a SNK
|b SNK
|d 1996-11-25
|i snkV 2113/96
|l 0
|o snkČSB 4206/1988
|p 17A0021996
|r 2005-01-01 00:00:00
|w 2026-02-21
|y PREZ
|
| 952 |
|
|
|0 0
|1 0
|4 0
|7 0
|8 2
|a SNK
|b SNK
|d 1996-11-25
|i snkV 2110/96
|l 0
|o snkČSB 4206/1983 D1
|p 17A0021993
|r 2004-12-31 00:00:00
|w 2026-02-21
|y PREZ
|